LIBRARY ONLINE CATALOGUE

MCQs in pharmaceutical calculations / (Record no. 9383)

MARC details
000 -LEADER
fixed length control field 00656cam a22002172 4500
001 - CONTROL NUMBER
control field 0000020526
005 - DATE AND TIME OF LATEST TRANSACTION
control field 20151217152216.0
008 - FIXED-LENGTH DATA ELEMENTS--GENERAL INFORMATION
fixed length control field 110921s xx 000 0 eng d
020 ## - INTERNATIONAL STANDARD BOOK NUMBER
International Standard Book Number 0853698364
040 ## - CATALOGING SOURCE
Original cataloging agency KABU
Transcribing agency KABU
100 1# - MAIN ENTRY--PERSONAL NAME
Personal name Donnelly, Ryan F.
-- 0000180871
245 10 - TITLE STATEMENT
Title MCQs in pharmaceutical calculations /
Statement of responsibility, etc. Ryan F. Donnelly, Johanne Barry.
250 ## - EDITION STATEMENT
Edition statement 1st ed.
260 ## - PUBLICATION, DISTRIBUTION, ETC. (IMPRINT)
Place of publication, distribution, etc. London :
Name of publisher, distributor, etc. PhP,
Date of publication, distribution, etc. 2009.
300 ## - PHYSICAL DESCRIPTION
Extent xxix, 337 p.
650 #0 - SUBJECT ADDED ENTRY--TOPICAL TERM
Topical term or geographic name as entry element Pharmacy
General subdivision Problems, exercises,etc.
-- 0000180869
700 1# - ADDED ENTRY--PERSONAL NAME
Personal name Barry, Johanne.
-- 0000180872
852 1# - LOCATION
-- p3250 KES
908 ## - PUT COMMAND PARAMETER (RLIN)
Put command parameter 110921
950 ## - LOCAL HOLDINGS (RLIN)
-- 1
Holdings
Withdrawn status Lost status Source of classification or shelving scheme Not for loan Home library Current library Date acquired Total Checkouts Full call number Barcode Date last seen Date last checked out Price effective from Koha item type
    Library of Congress Classification   Kabarak, Main Campus Kabarak, Main Campus 17/12/2015 2 RS97 .D66 2009 c. 1 21689 04/06/2024 24/05/2024 17/12/2015 General Collection